Quel pays européen est le plus grand ? - Choix multiples - Statistiques

Statistiques générales
  • Ce quiz a été pris 915 fois
  • Le résultat moyen est 10 sur 15
Statistiques - réponses
Question Réponse % Correct
Quel pays est le plus grand en superficie ?
87%
Quel pays est le plus grand en superficie ?
86%
Quel pays est le plus grand en superficie ?
86%
Quel pays est le plus grand en superficie ?
83%
Quel pays est le plus grand en superficie ?
71%
Quel pays est le plus grand en superficie ?
64%
Quel pays est le plus grand en superficie ?
63%
Quel pays est le plus grand en superficie ?
57%
Quel pays est le plus grand en superficie ?
57%
Quel pays est le plus grand en superficie ?
57%
Quel pays est le plus grand en superficie ?
54%
Quel pays est le plus grand en superficie ?
53%
Quel pays est le plus grand en superficie ?
49%
Quel pays est le plus grand en superficie ?
44%
Quel pays est le plus grand en superficie ?
39%
Aucun quiz correspondant
Distribution des résultats
% des personnes avec chaque résultat
Percentile par nombre de réponses
Votre historique - résultats
Vous n’avez pas pris ce quiz